Mathematics for management

Αποθηκεύτηκε σε:
Λεπτομέρειες βιβλιογραφικής εγγραφής
Κύριος συγγραφέας: Lucking, Richard C.
Μορφή: Βιβλίο
Γλώσσα:English
Δημοσίευση: Chichester [Eng.] : New York : Wiley, c1980
Θέματα:
Ετικέτες: Προσθήκη ετικέτας
Δεν υπάρχουν, Καταχωρήστε ετικέτα πρώτοι!

MARC

LEADER 00000cam a2200000 i 4500
001 1/46431
008 960208s1980 eng d
020 |a 0471277797 ((pbk.))  |c Ή12.00 
020 |a 0471277819  |c Ή5.50 
035 |l 10026319 
040 |a GR-MY-UA  |b gre  |e aacr 
041 0 |a eng 
082 0 |a 510/.24658 
100 1 |a Lucking, Richard C. 
245 1 0 |a Mathematics for management /  |c Richard C. Lucking 
260 |a Chichester [Eng.] :   |a New York :   |b Wiley,   |c c1980 
300 |a xix, 320 p.;  |b ill.;  |c 24 cm 
500 |a "A Wiley-Interscience publication." 
500 |a Includes index 
650 0 0 |a Business mathematics. 
650 0 0 |a Management  |x Mathematics. 
852 |a INST  |b CHIOS  |e 19960208  |h 510.24658 LUC  |p 005200004572  |q 005200004572  |t BK  |y 0 
909 |a Χ  |b 03897